=LDR 00000nam 2200000 4500 =001 INLIS000000000012787 =005 20130612104256 =008 ***********************************Ind** =035 ##$$0010-061300000012787 =041 ##$$a Ind =082 ##$$a 614.563 =090 ##$$a 614.563, Nad m =100 ##$$a Nadisul, Handarwan =245 ##$$a Makanan sehat untuk Ibu hamil =260 ##$$a 1996 $b Jakarta =300 ##$$a vi, 33 hlm., 20 cm =650 ##$$a Kehamilan aspek gizi =850 ##$$a NBPNMAT